[Event "Berlin Neukoelln op 7th"]
[Site "Berlin"]
[Date "2001.06.08"]
[Round "5"]
[White "Kruschke, Guenter"]
[Black "Weisshaar, Andrea"]
[Result "1/2-1/2"]
[WhiteElo "1511"]
[BlackElo "1607"]
[PlyCount "54"]
[EventDate "2001.05.11"]
[EventType "swiss"]
[EventRounds "7"]
[EventCountry "GER"]
[SourceTitle "EXT 2022"]
[Source "ChessBase"]
[SourceDate "2021.10.06"]
[SourceVersion "1"]
[SourceVersionDate "2021.10.06"]
[SourceQuality "1"]

1. Nf3 f5 2. d4 Nf6 3. g3 g6 4. Bg2 Bg7 5. c4 0-0 6. Nc3 c6 7. 0-0 d6 8. Re1 Qc7 9. Bf4 Nh5 10. Bd2 e5 11. dxe5 dxe5 12. e4 f4 13. Qc2 Bg4 14. Ne2 fxg3 15. Qb3 gxf2+ 16. Kxf2 Qf7 17. Bb4 Rd8 18. Kg1 Na6 19. Ng5 Qd7 20. c5+ Kh8 21. Nf7+ Kg8 22. Nxd8+ Kf8 23. Rf1+ Nf6 24. Rad1 Qe7 25. Bf3 Bh3 26. Bg2 Bg4 27. Bf3 Bh3 1/2-1/2